| 000 | 00789nam a2200229 4500 | ||
|---|---|---|---|
| 001 | 119231 | ||
| 003 | ES-MaACL | ||
| 005 | 20240522132203.0 | ||
| 007 | t| | ||
| 008 | 070214s1969 sp r ||||1| spa d | ||
| 100 |
_aPichois, Claude, _d1925-2004 _9235310 |
||
| 245 | 1 | 3 |
_aLa literatura comparada / _cClaude Pichois y André-M. Rousseau ; versión de Germán Colón Doménech. |
| 260 |
_aMadrid : _bGredos, _c1969. |
||
| 300 |
_a245 p. ; _c21 cm. |
||
| 490 | 1 |
_aBiblioteca Románica Hispánica. Serie III. Manuales ; _v23 |
|
| 700 | 1 |
_aRousseau, André-M. _9100053 |
|
| 700 | 1 |
_aColón, Germà. _939876 |
|
| 830 | 0 |
_aBiblioteca románica hispánica. III. Manuales ; _v23 _9177701 |
|
| 852 |
_aES-MaACL _jC-39413 _bR.72203 |
||
| 942 | _2udc | ||
| 999 |
_c119231 _d119231 |
||